000 00664na a2200217 4500
001 23190
003 MIRAKIL
005 20181213155217.0
008 170803b tu 000 0
040 _aMilas
_btur
_cTR-AnCHP
041 _atur
110 _aÇoruh, Yurttaş Mazlum
245 _aKusursuz enerji planı
_bİnanılmaz bir mel'anetin anatomisi
_cYurttaş Mazlum Çoruh
246 _aİnanılmaz bir mel'anetin anatomisi
260 _aİstanbul
_b[yayl.y.]
_c[t.y.]
_fG.M. Matbaacılık
300 _a310 s.
_c30 sm.
500 _aGEÇİCİ KATALOG KAYDIDIR.
740 _aİnanılmaz bir mel'anetin anatomisi
942 _2dcc
_cBKS
999 _c8577
_d8577